00710nam a22001937a 4500003000900000008004100009040007100050082001800121100002100139245002800160260002000188300002600208440006000234505016200294650002700456650001100483650000900494650001300503AR-CdUCM190313b           ||||| |||| 00| 0 spa d  aMUNICIPALIDAD PROVINCIAL DEL CUSCOcBIBLIOTECA MUNICIPAL DEL CUSCO  a869.62 /bR74  aRojas, Ángel F  aEl éxodo de Yangana /  aQuito :bAriel,  a201 paginas ;c17 cm.  aClásicos ¨Ariel¨ biblioteca de autores ecuatorianos  aContenido :Preludio:En Pacanda se oye un rumor extraño --Primera parte:La huida de un reprobo colectivo --Interludio:La canción beoda de las semillas ...  aLiteratura ecuatoriana  aNovela  aMito  aSiglo XX